000 00550cam a2200217 4500
001 H37
008 090401t1981 xxu||||| |||| 00| 0 eng d
035 _a(Sirsi) u36577
041 _aeng
050 _a694
100 _aFewell, A.R.
245 _aMachine grading British-grown corsican pine
260 _aGarston, Watford
_bBuilding Research Establishment
_c1981
300 _a2p. ; 30cm.
350 _a0
490 _aBRE Information Paper
_v7/81 s
650 _aTIMBER
690 _aBUILT ENVIRONMENT
942 _n0
948 _c04/03/1997
999 _c90338
_d90338